Sports Quiz

Random Sports or NBA Quiz

NBA Player by Resume Quiz Stats

Quiz Updated Apr 17, 2017

Challenge
Share
Tweet
Embed
Score 0/32 Timer 10:00
1 Play Today
% Correct
Wilt Chamberlain
75.1%
Ray Allen
72.1%
Oscar Robertson
70.6%
Bill Russell
70.4%
Kareem Abdul-Jabbar
70.2%
John Stockton
70%
Michael Jordan
69.3%
Hakeem Olajuwon
64.5%
Derrick Rose
59.1%
Karl Malone
57.5%
Robert Horry
53.5%
Julius Erving
53.2%
Allen Iverson
49.5%
Magic Johnson
48.1%
Scottie Pippen
46.7%
Kobe Bryant
46.2%
% Correct
Jerry West
45.8%
LeBron James
45.5%
Bob Cousy
39.5%
Gary Payton
38.4%
Shaquille O'Neal
38%
Elgin Baylor
36.8%
Kevin McHale
36.4%
Larry Bird
35.6%
Tim Duncan
34.6%
Bill Sharman
32.1%
Isiah Thomas
30.8%
John Havlicek
30.3%
Wes Unseld
26.5%
Moses Malone
22.8%
Bob Pettit
16.4%
Willis Reed
14.8%

You're not logged in!

Compare scores with friends on all Sporcle quizzes.
Sign Up with Email
OR
Log In

You Might Also Like...

Show Comments

Extras

Top Quizzes Today


Score Distribution

Your Account Isn't Verified!

In order to create a playlist on Sporcle, you need to verify the email address you used during registration. Go to your Sporcle Settings to finish the process.